| 000 | 02117nam a22003854a 4500 | ||
|---|---|---|---|
| 001 | ebr10265936 | ||
| 003 | CaPaEBR | ||
| 006 | m u | ||
| 007 | cr cn||||||||| | ||
| 008 | 060330s2007 ilu sb 001 0 eng | ||
| 010 | _z 2006010710 | ||
| 015 |
_aGBA678113 _2bnb |
||
| 016 | 7 |
_z101273015 _2DNLM |
|
| 016 | 7 |
_z013552080 _2Uk |
|
| 020 | _z0226301206 (cloth : alk. paper) | ||
| 020 | _z9780226301204 (cloth : alk. paper) | ||
| 040 |
_aCaPaEBR _cCaPaEBR |
||
| 035 | _a(OCoLC)646783242 | ||
| 050 | 1 | 4 |
_aRC480.8 _b.G65 2007eb |
| 082 | 0 | 4 |
_a616.89/14 _222 |
| 100 | 1 |
_aGoldberg, Arnold, _d1929- |
|
| 245 | 1 | 0 |
_aMoral stealth _h[electronic resource] : _bhow "correct behavior" insinuates itself into psychotherapeutic practice / _cArnold Goldberg. |
| 246 | 3 | 0 | _aHow "correct behavior" insinuates itself into psychotherapeutic practice |
| 260 |
_aChicago : _bUniversity of Chicago Press, _c2007. |
||
| 300 | _aviii, 150 p. | ||
| 504 | _aIncludes bibliographical references (p. [141]-145) and index. | ||
| 505 | 0 | _aSetting the stage -- Positioning psychoanalysis and psychotherapy for moral concerns -- Moral stealth -- The moral posture of psychoanalysis and psychotherapy: the case for moral ambiguity -- A risk of confidentiality -- On the nature of thoughtlessness -- I wish the hour were over: elements of a moral dilemma -- Psychotherapy and psychoanalysis and the problem of ownership: an effort at resolution -- Who owns the countertransference? -- Another look at neutrality -- Deontology and the superego -- Choosing up sides -- Making morals manifest. | |
| 533 |
_aElectronic reproduction. _bPalo Alto, Calif. : _cebrary, _d2013. _nAvailable via World Wide Web. _nAccess may be limited to ebrary affiliated libraries. |
||
| 650 | 0 |
_aPsychotherapists _xProfessional ethics. |
|
| 650 | 0 |
_aPsychotherapist and patient _xMoral and ethical aspects. |
|
| 650 | 0 | _aInterpersonal relations. | |
| 655 | 7 |
_aElectronic books. _2local |
|
| 710 | 2 | _aebrary, Inc. | |
| 856 | 4 | 0 |
_uhttp://site.ebrary.com/lib/rucke/Doc?id=10265936 _zAn electronic book accessible through the World Wide Web; click to view |
| 999 |
_c10510 _d10510 |
||